00538nam a2200145Ia 4500008004100000082001900041100002500060245002400085260006200109630001800171650006800189942000900257952010900266999001700375211109s9999||||xx |||||||||||||| ||und|| a891.433bRAM-M aRamesh Kuntal Megh,  0aMan kha njan Kin ke bRajkamal Prakashan Pvt Ltd DelhiaOxford City Pressc1900 xGeneral stack aHindi literaturevHindi fictionxLiterature & rhetoricGeneralia cBOOK 00104070aSBCLbSBCLc2d2021-11-09l0o891.433 RAM-Mp00093603r2021-11-09 00:00:00w2021-11-09yBOOK c51390d51390